Determinación y proyección de los niveles de cortocircuito en el sistema de distribución de la CNFL, S.A. hasta el 2015
Tallennettuna:
| Päätekijä: | |
|---|---|
| Aineistotyyppi: | Kirja |
| Kieli: | Spanish |
| Julkaistu: |
[San José, Costa Rica]
2009
|
| Aiheet: | |
| Tagit: |
Lisää tagi
Ei tageja, Lisää ensimmäinen tagi!
|
MARC
| LEADER | 00000nam a22000007a 4500 | ||
|---|---|---|---|
| 003 | 001354 | ||
| 005 | 20221231144049.0 | ||
| 008 | 160412b2009 cr a|||| |||| 00| ||spa d | ||
| 040 | |c cru CEDI | ||
| 090 | |a TFG 5877 | ||
| 100 | |9 3815 |a Fernández Vásquez, Raúl Gerardo | ||
| 245 | |a Determinación y proyección de los niveles de cortocircuito en el sistema de distribución de la CNFL, S.A. hasta el 2015 | ||
| 260 | |a [San José, Costa Rica] |c 2009 | ||
| 300 | |a xii, 129 páginas; ilustraciones a color, mapas color | ||
| 500 | |a Tesis (licenciatura en ingeniería eléctrica)--Universidad de Costa Rica. Facultad de Ingeniería. Escuela de Ingeniería Eléctrica | ||
| 650 | |x CORTOCIRCUITOS |x DISTRIBUCION DE ENERGIA ELECTRICA |x CORRIENTES ELECTRICAS C |x COMPAÑIA NACIONAL DE FUERZA Y LUZ (COSTA RICA) |x INGENIERÍA ELÉCTRICA |x LINEAS ELECTRICAS |9 3816 | ||
| 942 | |c TFG | ||
| 999 | |c 16358 |d 16358 | ||
